|
|
|
|
| LEADER |
00749nab a2200205 i 4500 |
| 001 |
misc63611 |
| 005 |
20241008083452.0 |
| 008 |
220620suuuu hu o 000 eng d |
| 040 |
|
|
|a SZTE Miscellanea Repozitórium
|b hun
|
| 041 |
|
|
|a eng
|
| 100 |
1 |
|
|a Macartney Carlile Aylmer
|
| 245 |
1 |
0 |
|a Where was "Black Wallachia" in the thirteenth century
|h [elektronikus dokumentum] /
|c Macartney Carlile Aylmer
|
| 300 |
|
|
|a 198-200
|c 22 cm
|
| 490 |
0 |
|
|a ?
|
| 561 |
|
|
|a Németh Gyula hagyaték
|
| 591 |
|
|
|a NOA 3354
|
| 650 |
|
4 |
|a Bölcsészettudományok
|
| 650 |
|
4 |
|a Történettudomány és régészet
|
| 695 |
|
|
|a Románia története - 13. sz., Havasalföld története - 13. sz.
|
| 856 |
4 |
0 |
|u http://misc.bibl.u-szeged.hu/63611/1/3354_noa_m10.pdf
|z Dokumentum-elérés
|